000 01410cam a22002174a 4500
005 20250605164208.0
008 250528s ||||||||||||||||||||||||d
035 _a20133
020 _a333474023
040 _aGR-AtMCL
_bgre
_dGR-AtMCL
_eAACR2
245 1 _aMoney, Information and Uncetainty / Second Edition
250 _a2nd
260 _c1989
300 _a496
520 _aThis book discusses the latest analytical developments in monetary economic theory. The Nature of Markets, The Role of Money, Micro-Economic Foundations of the Demand for Money, Macro-Economic Analysis of the Demand for Money, The Principles of Intermediation, Controlling the Supply of Money: A Problem for the Authorities?, Credit Rationing, Why Do Banks Need a Central Bank?, Financial Regulation, The Determination of Interest Rates, The Term Structure of Interest Rates, The Transmission Mechanism of Monetary Policy, The Effects of Nominal Monetary Changes on Output and Employment and Inflation, Monetary Policy 1: The Use of Policy Instruments in an Uncertain World, Monetary Policy 2: Rules Versus Discretion, The Regional Adjustment Process, International Monetary Relations 1: Exchange Rate Regimes, International Monetary Relations 2: The Turbulent Float, Bibliography, Index.
700 1 _aGoodhart C. A. E
_96185
942 _cBK
710 2 _aMacmillan Business
_99714
999 _c5272
_d5272